Integral transforms for engineers (Record no. 109224)

MARC details
000 -LEADER
fixed length control field 00371nam a2200145Ia 4500
008 - FIXED-LENGTH DATA ELEMENTS--GENERAL INFORMATION
fixed length control field 230917s9999||||xx |||||||||||||| ||und||
040 ## - CATALOGING SOURCE
-- 99724
Original cataloging agency VIVEKANANDA LIBRARY
041 ## - Language
-- English
082 ## - DDC NUMBER
Classification number 515.723 A26I
100 ## - MAIN ENTRY--PERSONAL NAME
Personal name Andrews, Lary C
245 #0 - TITLE STATEMENT
Title Integral transforms for engineers
260 ## - PUBLICATION, DISTRIBUTION, ETC. (IMPRINT)
Place of publication, distribution, etc New Delhi
Name of publisher, distributor, etc Prentice-Hall of India
Date of publication, distribution, etc 1999
300 ## - PHYSICAL DESCRIPTION
Pages 353 p.
942 ## - ADDED ENTRY ELEMENTS (KOHA)
Koha item type Books
Holdings
Withdrawn status Lost status Damaged status Not for loan Location (home branch) Sublocation or collection (holding branch) Date acquired Koha issues (times borrowed) Koha full call number Accession No. Koha date last seen Koha item type
        VIVEKANANDA LIBRARY VIVEKANANDA LIBRARY 15/11/2003   515.723 A26I 195960 17/09/2023 Books
        VIVEKANANDA LIBRARY VIVEKANANDA LIBRARY 15/11/2003   515.723 A26I 214745 17/09/2023 Books
        VIVEKANANDA LIBRARY VIVEKANANDA LIBRARY 15/11/2003   515.723 A26I 214746 17/09/2023 Books
        VIVEKANANDA LIBRARY VIVEKANANDA LIBRARY 15/11/2003   515.723 A26I 214747 17/09/2023 Books
        VIVEKANANDA LIBRARY VIVEKANANDA LIBRARY 15/11/2003   515.723 A26I 214748 17/09/2023 Books
        VIVEKANANDA LIBRARY VIVEKANANDA LIBRARY 15/11/2003   515.723 A26I 214749 17/09/2023 Books
© Designed and Maintained by Vivekananda Library, MDU Rohtak